LEADER 00944cam0 22002651 450 001 SOBE00019817 005 20111201152708.0 100 $a20111118f0000 |||||ita|0103 ba 101 $ager 102 $aDE 200 1 $a<>Frithjos-Sage$faus dem Schwedischen von G. Mohnike$gin neuer Bearbeitung von Edmund Zoller 210 $aLeipzig$cReclam$d[18..] 215 $a152 p.$d14 cm 700 1$aTegner$b, Esaias$3SOBA00001747$4070$0774621 702 1$aMohnike, G.$3SOBA00001748$4070 702 1$aZoller, Edmund$3A600200061276$4070 801 0$aIT$bUNISOB$c20111201$gRICA 850 $aUNISOB 852 $aUNISOB$j090$m783.. 912 $aSOBE00019817 940 $aM 102 Monografia moderna SBN 941 $aM 957 $a090$b000691$i-3$fRilegato con : Ossian's Fingal; Temora; Tegner, Axel$gNO$d783..$1bethb$2UNISOB$3UNISOB$420111118155652.0$520111118161115.0$6bethb 996 $aFrithjos-Sage$91720402 997 $aUNISOB LEADER 01272nam0 22002891i 450 001 VAN0058810 005 20180724094039.79 100 $a20070416d1981 |0itac50 ba 101 $aita 102 $aIT 105 $a|||| ||||| 200 1 $aDa Tiziano a El Greco$eper la storia del Manierismo a Venezia, 1540-1590$ePalazzo Ducale, settembre-dicembre 1981 205 $aMilano : Electa$bc1981 210 $d349 p. : ill. ; 24 cm 215 $aCatalogo della mostra organizzata dal Comune di Venezia, Assessorato alla cultura, Palazzo Ducale, settembre-dicembre 1981. 606 $aMANIERISMO$xVenezia$xEsposizioni$xVenezia$x1981$3VANC020502$2FI 620 $dMilano$3VANL000284 702 0$aTiziano$3VANV012788 712 $aElecta $3VANV113606$4650 790 1$aVecellio, Tiziano $zTiziano$3VANV219776 790 0$aTiziano Vecellio$zTiziano$3VANV218742 801 $aIT$bSOL$c20231117$gRICA 899 $aBIBLIOTECA DEL DIPARTIMENTO DI LETTERE E BENI CULTURALI$1IT-CE0103$2VAN07 912 $aVAN0058810 950 $aBIBLIOTECA DEL DIPARTIMENTO DI LETTERE E BENI CULTURALI$d07CONS Cb Venezia 1981 $e07 13890 20070416 996 $aDa Tiziano a El Greco$9268912 997 $aUNICAMPANIA